=LDR 00000nam 2200000 4500 =001 INLIS000000000036323 =005 20130612142122 =008 ***********************************Ind** =035 ##$$0010-061300000036323 =041 ##$$a Ind =082 ##$$a 920 =090 ##$$a 920, Far m =100 ##$$a Farida, Nur =245 ##$$a Medical professional, mengenal profesi kesehatan, Bur Farida ; editor, Niken Suryatmini =260 ##$$a 2009 $b Jakarta =300 ##$$a xii, 119 hlm, ilus, 25 cm =650 ##$$a Biografi Profesi kesehatan =700 ##$$a Suryatmini, Niken =850 ##$$a NBPNMAT